| 000 | 01104cab a2200253 4500 | ||
|---|---|---|---|
| 001 | ABS68672 | ||
| 008 | 050124n2004 000 0 eng u | ||
| 035 | _a(Sirsi) u128569 | ||
| 100 | _aReekie, P. | ||
| 245 | _aOverage - recent developments, part I | ||
| 260 | _c2004 | ||
| 490 |
_aEMIS Property Service _v2(11) November 2004, 5-7(3) |
||
| 520 | _aOverage agreements are increasingly becoming almost a standard element in developmental deals. The drafting of these clauses calls for both lawyers and the parties themselves to be able to anticipate future possible events that are unclear at the time of drafting. Discusses recent case law that has highlighted problem areas and clarified the law in some areas. [Taken from journal abstract]. (See also Abs68673). | ||
| 590 | _aABS | ||
| 650 | _aOVERAGE | ||
| 650 | _aBRIDE HALL ESTATES LTD V ST GEORGE NORTH LONDON | ||
| 650 | _aAKASUC ENTERPRISE LTD V FARMAR AND SHIRREFF | ||
| 650 | _aNEGLIGENCE | ||
| 650 | _aRENTCHARGE | ||
| 650 | _aRENTCHARGES ACT 1977 | ||
| 650 | _aLAW OF PROPERTY ACT 1925 | ||
| 690 | _aPROPERTY | ||
| 942 | _n0 | ||
| 999 |
_c74733 _d74733 |
||